| 000 | 00782nam a22002297a 4500 | ||
|---|---|---|---|
| 999 |
_c12286 _d12286 |
||
| 003 | AR-CdUCM | ||
| 008 | 190329b ||||| |||| 00| 0 spa d | ||
| 040 |
_aMUNICIPALIDAD PROVINCIAL DEL CUSCO _cBIBLIOTECA MUNICIPAL DEL CUSCO |
||
| 082 |
_a463 / _bN94 / 1825 |
||
| 100 |
_aNuñez de Taboado, D. M. _927022 |
||
| 245 | _aDiccionario de la Lengua Castellana y el de la real academia Española / | ||
| 260 |
_aParis : _bLibreria de Seguin, _c1825. |
||
| 300 |
_a778 paginas ; _c20 cm. |
||
| 440 |
_aDiccionario de la lengua castellana _n1 _930071 |
||
| 500 | _aDiccionario 1r1 parte | ||
| 505 | _aContendió : Diccionario | ||
| 650 |
_aLengua española _91124 |
||
| 650 |
_aDiccionario _95196 |
||
| 650 |
_aUniversal _918236 |
||
| 942 |
_2ddc _cLIBROS |
||
| 945 |
_awnts _d2019-04-08 |
||